000
00258nam a2200109Ia 4500
008
200302s9999 xx 000 0 und d
100
_a
Sir Lawrence Gowing
245
_a
A History of Art
260
_b
Andromeda Oxford Ltd.
260
_c
2002
300
_a
992 P.,
999
_c
1633
_d
1633